<?xml version="1.0" encoding="UTF-8"?>
<marc:record xmlns:marc="http://www.loc.gov/MARC21/slim">
   <marc:leader>00000nam a2200000 a 4500</marc:leader>
   <marc:datafield ind1=" " ind2=" " tag="653">
      <marc:subfield code="a">Arbeitsblatt</marc:subfield>
   </marc:datafield>
   <marc:datafield ind1=" " ind2=" " tag="653">
      <marc:subfield code="a">Kindersoldaten</marc:subfield>
   </marc:datafield>
   <marc:datafield ind1="0" ind2="0" tag="245">
      <marc:subfield code="a">Missio-Info / Das Bildungsmagazin der Päpstlichen Missionswerke in Österreich; 2020/01/2020</marc:subfield>
   </marc:datafield>
   <marc:datafield ind1=" " ind2="1" tag="264">
      <marc:subfield code="b">Missio - Päpstliche Missionswerke in Österreich</marc:subfield>
      <marc:subfield code="c">2020</marc:subfield>
   </marc:datafield>
   <marc:datafield ind1="1" ind2=" " tag="520">
      <marc:subfield code="a">Kindersoldaten: Manipuliert und ausgebeutet: Tausende Kinder werden gezwungen, zur Waffe zu greifen.
Hilfe vor Ort: In Uganda hilft die Kirche ehemaligen Kindersoldaten, neu zu beginnen. Erfolgreich - auch dank Schwester Hellen!
Papst: #ChildrenNotSoldiers: Kinder sind die Zukunft der Menschheit, mahnt Papst Franziskus: "Stoppen wir dieses abscheuliche Verbrechen."</marc:subfield>
   </marc:datafield>
</marc:record>
